00678nam a22002057a 4500003000900000005001700009008003100026020001800057040002200075082002700097100001900124245005700143260003500200300001800235490002000253500007400273534006800347650002700415650003000442DO-SdBNP20230314131818.0171122b 2016 sp||| 00| 0 spa d a9788498386592 aBPMSUbspacBPMSU 4a823.91bR884H 20162221 aRowling, J. K.10aHarry potter y la cámara secreta /cJ. K.. Rowling aBarcelona : bSalamandrac2016 a292 p.c22 cm0 aHarry Potterv2 aIncluye datos biográficos de la autora en la solapa de la cubierta  aTítulo original : tHarry potter and the chamber of secrets.  4aNovela juvenil inglesa 4aMagia vNovela juvenil.